[Event "I Festival B"]
[Site "Gubbio ITA"]
[Date "1999.07.29"]
[Round "4"]
[White "Brunelli, Giovanni"]
[Black "Celestini, Mauro"]
[Result "1-0"]
[WhiteElo "1654"]
[BlackElo "1567"]
[PlyCount "37"]
[EventDate "1999.07.28"]

1. e4 e6 2. d4 d5 3. Nc3 Bb4 4. e5 c5 5. a3 Bxc3+ 6. bxc3 Ne7 7. Qg4 O-O 8. Nf3
Nbc6 9. Bd3 f5 10. exf6 Rxf6 11. Bg5 Rf7 12. Qh4 g6 13. Bf6 Qf8 14. Ng5 Nf5 15.
Bxf5 exf5 16. Nxf7 Qxf7 17. O-O h6 18. Rfe1 g5 19. Qxh6 1-0

[Event "I Festival B"]
[Site "Gubbio ITA"]
[Date "1999.07.30"]
[Round "5"]
[White "Celestini, Mauro"]
[Black "De Meo, Guido"]
[WhiteElo "1567"]
[BlackElo "1477"]
[Result "1-0"]
[PlyCount "40"]
[EventDate "1999.07.28"]

1. d4 Nf6 2. c4 g6 3. Nc3 Bg7 4. e4 d6 5. Nf3 O-O 6. Be2 Nbd7 7. O-O e5 8. dxe5
Nxe5 9. Nxe5 dxe5 10. Qxd8 Rxd8 11. Bg5 h6 12. Bxf6 Bxf6 13. Nd5 Bg5 14. Nxc7
Rb8 15. Rfd1 Rd4 16. Rxd4 exd4 17. Rd1 Bf6 18. Nb5 d3 19. Rxd3 Bxb2 20. Rd8+
Kg7 1-0

[Event "I Festival B"]
[Site "Gubbio ITA"]
[Date "1999.07.30"]
[Round "6"]
[White "Reale, Remo"]
[Black "Celestini, Mauro"]
[WhiteElo "1464"]
[BlackElo "1567"]
[Result "1/2-1/2"]
[PlyCount "160"]
[EventDate "1999.07.28"]

1. d4 Nf6 2. c4 e6 3. Nc3 Bb4 4. Qc2 O-O 5. Nf3 d5 6. e3 b6 7. cxd5 exd5 8. a3
Bxc3+ 9. bxc3 Bb7 10. Be2 Nbd7 11. O-O Rc8 12. Bb2 Ne4 13. Nd2 Ndf6 14. Nxe4
dxe4 15. f3 Nd5 16. Qd2 Nf6 17. Rad1 a6 18. c4 Re8 19. d5 b5 20. Bxf6 Qxf6 21.
fxe4 Qb6 22. cxb5 Rxe4 23. bxa6 Bxa6 24. Bxa6 Qxa6 25. Qd3 Qa4 26. Rc1 Rce8 27.
Rxc7 Rxe3 28. Qf5 R3e7 29. Rxe7 Rxe7 30. Qc8+ Re8 31. Qc6 Qd4+ 32. Kh1 Qe4 33.
a4 h6 34. h3 Rd8 35. Qb7 Qxd5 36. Qxd5 Rxd5 37. Ra1 Ra5 38. Kg1 Kf8 39. Kf2 Ke7
40. Ke3 f5 41. Kd4 Kd6 42. Ra2 g5 43. Kc4 Kc6 44. Kb4 Re5 45. a5 Re4+ 46. Kc3
Kc5 47. a6 Re8 48. a7 Ra8 49. Kd3 Rd8+ 50. Kc3 Ra8 51. Ra5+ Kb6 52. Rxf5 Rxa7
53. Rf6+ Kb5 54. Rxh6 Rc7+ 55. Kb3 Rc5 56. Rh5 Kc6 57. h4 gxh4 58. Rxh4 Rg5 59.
Rc4+ Kd5 60. g4 Ke6 61. Kc3 Re5 62. Kd3 Kd5 63. Rd4+ Ke6 64. Re4 Rxe4 65. Kxe4
Kf6 66. Kf4 Kg6 67. Ke3 Kg5 68. Kf3 Kg6 69. Kf4 Kf6 70. g5+ Kg6 71. Kg4 Kg7 72.
Kf5 Kf7 73. g6+ Kg7 74. Kg5 Kg8 75. Kf5 Kg7 76. Kg5 Kg8 77. Kf6 Kf8 78. Ke6 Kg7
79. Kf5 Kg8 80. Kf6 Kf8 1/2-1/2

[Event "VI Festival B"]
[Site "Ischia ITA"]
[Date "1999.07.??"]
[Round "?"]
[White "De Simone, Antonio"]
[Black "Maietti, Luca"]
[Result "1-0"]
[WhiteElo "1624"]
[BlackElo "1552"]
[PlyCount "87"]
[EventDate "1999.07.10"]

1. b4 Nf6 2. Bb2 e6 3. a3 d5 4. e3 c5 5. bxc5 Bxc5 6. Nf3 O-O 7. c4 Nc6 8. d4
Be7 9. Nbd2 b6 10. Rc1 Bb7 11. Bd3 dxc4 12. Nxc4 Rc8 13. O-O Rc7 14. Ncd2 Qa8
15. Ne4 Rfc8 16. Nxf6+ Bxf6 17. Be2 Na5 18. Rxc7 Rxc7 19. Qa4 Qc8 20. Bd3 Bd5
21. Nd2 Be7 22. Ra1 g6 23. e4 Ba8 24. d5 exd5 25. Qd4 f6 26. exd5 Qd8 27. d6
Qxd6 28. Qxd6 Bxd6 29. Bxf6 Kf7 30. Bb2 Bd5 31. Ne4 Bxe4 32. Bxe4 Nb7 33. Rd1
Be7 34. Bd5+ Kf8 35. Bc1 Kg7 36. Re1 Bf6 37. Bf4 Rd7 38. Bc6 Rd4 39. Be3 Rd3
40. Bxb7 Rxa3 41. g3 b5 42. Bc5 Bc3 43. Re7+ Kh6 44. Bxa3 1-0

[Event "VI Festival B"]
[Site "Ischia ITA"]
[Date "1999.07.??"]
[Round "?"]
[White "Rizzardi, Franco"]
[Black "Balducci, Giuseppe"]
[Result "0-1"]
[WhiteElo "1633"]
[BlackElo "1600"]
[PlyCount "46"]
[EventDate "1999.07.10"]

1. e4 e6 2. d4 d5 3. e5 c5 4. c3 Nc6 5. Nf3 Qb6 6. Be2 cxd4 7. cxd4 Nge7 8. Nc3
Nf5 9. Na4 Qa5+ 10. Kf1 Bd7 11. g4 Nfxd4 12. Nxd4 Nxd4 13. Qxd4 Qxa4 14. Qd3
Rc8 15. b3 Qa5 16. Bb2 a6 17. Kg2 Bb4 18. a3 Bc3 19. b4 Qc7 20. Rac1 d4 21.
Rhd1 Bc6+ 22. Bf3 Bxb2 23. Rxc6 bxc6 0-1

[Event "VI Festival B"]
[Site "Ischia ITA"]
[Date "1999.07.??"]
[Round "?"]
[White "Rizzardi, Franco"]
[Black "De Simone, Antonio"]
[Result "1-0"]
[WhiteElo "1633"]
[BlackElo "1624"]
[PlyCount "65"]
[EventDate "1999.07.10"]

1. e4 c5 2. Nf3 e6 3. d4 cxd4 4. Nxd4 a6 5. c4 Nf6 6. Nc3 Qc7 7. Bd3 Nc6 8.
Nxc6 dxc6 9. O-O e5 10. h3 Be6 11. Be3 b5 12. cxb5 axb5 13. a3 Be7 14. Qc2 Qb7
15. f4 exf4 16. Bxf4 Qb6+ 17. Kh1 Nh5 18. Bh2 Bh4 19. Ne2 c5 20. Nf4 Nxf4 21.
Rxf4 Bf6 22. Rxf6 gxf6 23. Bg1 Qc6 24. Bxc5 Rc8 25. b4 Bd7 26. Qc3 Qe6 27. Rf1
Qe5 28. Qd2 Rxc5 29. bxc5 Qxc5 30. Qf4 O-O 31. Qxf6 Qxa3 32. Rf3 Qc1+ 33. Kh2
1-0

[Event "VI Festival B"]
[Site "Ischia ITA"]
[Date "1999.07.??"]
[Round "?"]
[White "Tracy, Marvin"]
[Black "Lemma, Vittorio"]
[Result "0-1"]
[WhiteElo "1407"]
[BlackElo "1510"]
[PlyCount "54"]
[EventDate "1999.07.10"]

1. d4 d5 2. e3 Nf6 3. Nf3 Bg4 4. Nbd2 e6 5. Bd3 Be7 6. c3 Bxf3 7. Qxf3 c5 8.
O-O cxd4 9. cxd4 Nc6 10. Bb5 Rc8 11. Nb3 O-O 12. Bxc6 Rxc6 13. Bd2 Ne4 14. Rfc1
Qc7 15. Rxc6 Qxc6 16. Rc1 Nxd2 17. Rxc6 Nxf3+ 18. gxf3 bxc6 19. Kf1 Rc8 20. Ke2
c5 21. Kd2 c4 22. Nc1 Bb4+ 23. Kd1 f5 24. a3 Be7 25. f4 c3 26. Kc2 cxb2+ 27.
Kxb2 Bxa3+ 0-1

[Event "C.to Europeo U16"]
[Site "Litohoro GRE"]
[Date "1999.09.??"]
[Round "1"]
[White "Mogranzini, Roberto"]
[Black "Gashimov, Sarkhan"]
[Result "1/2-1/2"]
[WhiteElo "1909"]
[BlackElo "2200"]
[PlyCount "37"]
[EventDate "1999.09.03"]

1. e4 c5 2. Nf3 d6 3. d4 cxd4 4. Nxd4 Nf6 5. Nc3 a6 6. Be2 e6 7. O-O b5 8. Bf3
Ra7 9. Be3 Rd7 10. g4 b4 11. Na4 Bb7 12. Qd3 h5 13. g5 Ng4 14. Bg2 d5 15. Nxe6
fxe6 16. exd5 Ne5 17. Qe4 Bd6 18. Nb6 exd5 19. Nxd5 1/2-1/2

[Event "C.to Europeo U16"]
[Site "Litohoro GRE"]
[Date "1999.09.??"]
[Round "2"]
[White "Erwich, Frank A.S."]
[Black "Mogranzini, Roberto"]
[Result "1-0"]
[WhiteElo "2196"]
[BlackElo "1909"]
[PlyCount "75"]
[EventDate "1999.09.03"]

1. e4 c5 2. c4 Nc6 3. Ne2 Nf6 4. Nbc3 d6 5. d4 cxd4 6. Nxd4 e6 7. Be2 Be7 8.
O-O a6 9. Be3 O-O 10. f4 Bd7 11. Bf3 Nxd4 12. Bxd4 Bc6 13. Qe2 Qb8 14. b4 b5
15. a4 e5 16. Be3 bxc4 17. Qxc4 Rc8 18. Qb3 exf4 19. Bxf4 Qb7 20. Rfe1 Nd7 21.
Rab1 Rab8 22. Nd5 Bxd5 23. Qxd5 Ne5 24. Qxb7 Rxb7 25. Be2 Rcb8 26. Bd2 a5 27.
b5 Bd8 28. Bf4 Bb6+ 29. Kh1 Rc7 30. Red1 Bc5 31. Bxe5 dxe5 32. Rbc1 Kf8 33. Rd5
Bb6 34. Rxc7 Bxc7 35. Rd7 Bb6 36. Bc4 f6 37. Rf7+ Ke8 38. Rxg7 1-0

[Event "C.to Europeo U16"]
[Site "Litohoro GRE"]
[Date "1999.09.??"]
[Round "3"]
[White "Mogranzini, Roberto"]
[Black "Panagiotopoulos, Orestis"]
[Result "1/2-1/2"]
[WhiteElo "1909"]
[BlackElo "2093"]
[PlyCount "43"]
[EventDate "1999.09.03"]

1. e4 c5 2. Nf3 Nc6 3. d4 cxd4 4. Nxd4 Qc7 5. Nc3 e6 6. Be2 a6 7. O-O Nf6 8.
Be3 Bb4 9. Bd3 Ne5 10. Nde2 Nfg4 11. Bf4 g5 12. Bg3 h5 13. h3 h4 14. Bxe5 Nxe5
15. f3 Bc5+ 16. Kh1 Ba7 17. Qd2 Rg8 18. f4 Nxd3 19. cxd3 g4 20. Rac1 Qd8 21. e5
d5 22. d4 1/2-1/2

[Event "C.to Europeo U16"]
[Site "Litohoro GRE"]
[Date "1999.09.??"]
[Round "4"]
[White "Siegbahn, Patrick"]
[Black "Mogranzini, Roberto"]
[Result "1/2-1/2"]
[WhiteElo "2077"]
[BlackElo "1909"]
[PlyCount "73"]
[EventDate "1999.09.03"]

1. d4 Nf6 2. c4 g6 3. Nc3 Bg7 4. e4 d6 5. f3 O-O 6. Bg5 c5 7. d5 h6 8. Be3 e6
9. Qd2 exd5 10. exd5 Re8 11. O-O-O Kh7 12. g4 Nbd7 13. g5 hxg5 14. Bxg5 Qb6 15.
h4 Nh5 16. Be2 Ne5 17. Rh2 Bf5 18. Rg2 Qb4 19. Ne4 Bxe4 20. Qxb4 cxb4 21. fxe4
Rac8 22. b3 b5 23. Nf3 Nxf3 24. Bxf3 bxc4 25. bxc4 Rxc4+ 26. Rc2 Rec8 27. Rdd2
f6 28. Be3 Rc3 29. Rf2 R8c7 30. Bd4 R3c4 31. Kb1 Nf4 32. Rxc4 Rxc4 33. Bxa7 Nd3
34. Rf1 Ne5 35. Bg2 Rc3 36. Rc1 Rg3 37. Bf1 1/2-1/2

[Event "C.to Europeo U16"]
[Site "Litohoro GRE"]
[Date "1999.09.??"]
[Round "5"]
[White "Mogranzini, Roberto"]
[Black "Savic, Boris"]
[Result "1-0"]
[WhiteElo "1909"]
[BlackElo "2149"]
[PlyCount "91"]
[EventDate "1999.09.03"]

1. e4 c5 2. Nf3 e6 3. d4 cxd4 4. Nxd4 Nc6 5. Nb5 d6 6. c4 a6 7. N5a3 Nf6 8. Nc3
Be7 9. Be2 O-O 10. O-O b6 11. f4 Bb7 12. Nc2 Qc7 13. Bf3 Na5 14. b3 b5 15. Qe1
bxc4 16. b4 Nc6 17. Be3 Na7 18. a4 d5 19. e5 Nd7 20. Rb1 Nc6 21. a5 Rab8 22.
Ne2 Ba8 23. Bd2 Na7 24. Ncd4 Bc6 25. Bc3 Rb7 26. Qd2 Rfb8 27. Rb2 Ba4 28. f5
Nxe5 29. fxe6 Nxf3+ 30. Rxf3 Bf6 31. Rxf6 gxf6 32. Qh6 fxe6 33. Nxe6 Qf7 34.
N2f4 Re7 35. Re2 Rbe8 36. Bxf6 Rxe6 37. Nxe6 Rxe6 38. Rxe6 Qg6 39. Qxg6+ hxg6
40. Rxa6 Nb5 41. Rb6 c3 42. Bxc3 Nxc3 43. a6 Nb5 44. a7 Nxa7 45. Rxg6+ Kf7 46.
Ra6 1-0

[Event "C.to Europeo U16"]
[Site "Litohoro GRE"]
[Date "1999.09.??"]
[Round "6"]
[White "Broomfield, Matthew P."]
[Black "Mogranzini, Roberto"]
[Result "1-0"]
[WhiteElo "2164"]
[BlackElo "1909"]
[PlyCount "43"]
[EventDate "1999.09.03"]

1. Nf3 Nf6 2. c4 g6 3. Nc3 Bg7 4. d4 O-O 5. e4 d6 6. Be2 e5 7. Be3 Nc6 8. d5
Ne7 9. Nd2 Nd7 10. b4 f5 11. f3 a5 12. bxa5 c5 13. dxc6 Nxc6 14. Nb3 Nxa5 15.
O-O Nxb3 16. axb3 Rxa1 17. Qd5+ Kh8 18. Rxa1 Nf6 19. Qa5 Qe7 20. Rd1 f4 21. Bf2
Ne8 22. c5 1-0

[Event "C.to Europeo U16"]
[Site "Litohoro GRE"]
[Date "1999.09.??"]
[Round "9"]
[White "Agouridis, Aris"]
[Black "Mogranzini, Roberto"]
[Result "0-1"]
[WhiteElo "2114"]
[BlackElo "1909"]
[PlyCount "70"]
[EventDate "1999.09.03"]

1. e4 c5 2. Nf3 d6 3. c3 Nf6 4. Be2 g6 5. O-O Bg7 6. Re1 O-O 7. Bf1 Nc6 8. d3
Rb8 9. Nbd2 e5 10. Nc4 b5 11. Ne3 d5 12. exd5 Nxd5 13. g3 h6 14. Bg2 Nde7 15.
a3 Be6 16. Qe2 Qd7 17. Nd2 f5 18. Nf3 Rbd8 19. Rd1 f4 20. Nc2 g5 21. Nd2 Qxd3
22. Qxd3 Rxd3 23. Re1 Rdd8 24. Ne4 Bb3 25. Nxc5 Bxc2 26. Ne6 Bb3 27. Nxf8 Kxf8
28. gxf4 exf4 29. Be4 Na5 30. h4 Nd5 31. hxg5 hxg5 32. Bg6 Bf6 33. Re6 Kg7 34.
Bh5 Nb6 35. Re4 Rh8 0-1

[Event "III Weekend A"]
[Site "Vicenza ITA"]
[Date "1999.10.??"]
[Round "1"]
[White "Ballarin, Gabriele"]
[Black "Lain, Luigi"]
[WhiteElo "1621"]
[BlackElo "1717"]
[Result "0-1"]
[PlyCount "72"]
[EventDate "1999.10.02"]

1. e4 e5 2. Bc4 Nf6 3. d3 Nc6 4. Nc3 d6 5. f4 exf4 6. Bxf4 Be7 7. Nf3 O-O 8.
O-O Na5 9. Nd2 Nxc4 10. Nxc4 d5 11. exd5 Nxd5 12. Nxd5 Qxd5 13. Qf3 Be6 14.
Rae1 Bf6 15. Be5 Bxe5 16. Qxd5 Bxh2+ 17. Kxh2 Bxd5 18. Rf4 Rfe8 19. Ne5 f6 20.
Nf3 Rxe1 21. Nxe1 Re8 22. Rd4 Bxa2 23. Re4 Rxe4 24. dxe4 Bc4 25. b3 Bb5 26. c4
Bc6 27. Nc2 Bxe4 28. Nd4 Kf7 29. Nb5 Bc2 30. b4 Bd3 31. Na3 Ke6 32. Kg3 c6 33.
Kf4 g5+ 34. Ke3 Bg6 35. b5 Ke5 36. g3 h5 0-1

[Event "III Weekend A"]
[Site "Vicenza ITA"]
[Date "1999.10.02"]
[Round "1"]
[White "Paris, Giorgio"]
[Black "Luisetto, Alessandro"]
[WhiteElo "1671"]
[BlackElo "1831"]
[Result "1-0"]
[PlyCount "46"]
[EventDate "1999.10.02"]

1. e4 g6 2. d4 Bg7 3. Nf3 c5 4. c3 cxd4 5. cxd4 Nc6 6. Nc3 d6 7. h3 Nf6 8. Be3
O-O 9. Bc4 a6 10. e5 Ne8 11. Bf4 Bf5 12. O-O Rc8 13. Bb3 Qa5 14. Re1 Nb4 15.
Re3 h6 16. a3 Nc6 17. Nh4 dxe5 18. Nxf5 gxf5 19. dxe5 Rd8 20. Qh5 Nxe5 21. Bxh6
e6 22. Rae1 Ng6 23. Rxe6 fxe6 1-0

[Event "III Weekend A"]
[Site "Vicenza ITA"]
[Date "1999.10.??"]
[Round "2"]
[White "Pietrobon, Fabio"]
[Black "Ballarin, Gabriele"]
[WhiteElo "1732"]
[BlackElo "1621"]
[Result "0-1"]
[PlyCount "78"]
[EventDate "1999.10.02"]

1. d4 f5 2. Nf3 Nf6 3. Bf4 d6 4. e3 g6 5. Nbd2 c6 6. Bd3 Bg7 7. O-O Nbd7 8. e4
fxe4 9. Nxe4 Nxe4 10. Bxe4 O-O 11. Bg5 Qe8 12. c3 d5 13. Bd3 e5 14. dxe5 Nc5
15. Re1 Bg4 16. Bc2 Qe6 17. Re3 Bxf3 18. gxf3 h6 19. Bh4 Rf7 20. Qd4 b6 21.
Rae1 Raf8 22. b4 Rf4 23. bxc5 Rxd4 24. cxd4 Rf4 25. Bg3 Rxd4 26. cxb6 axb6 27.
Ra3 g5 28. Ra8+ Bf8 29. Rb1 b5 30. a4 b4 31. a5 c5 32. Ra1 Qc6 33. Rb8 Qc7 34.
e6 Rf4 35. Bxf4 gxf4 36. Rxf8+ Kxf8 37. Kf1 c4 38. a6 Qa7 39. Bf5 b3 0-1

[Event "III Weekend A"]
[Site "Vicenza ITA"]
[Date "1999.10.??"]
[Round "3"]
[White "Ballarin, Gabriele"]
[Black "Marson, Luca"]
[WhiteElo "1621"]
[BlackElo "1648"]
[Result "0-1"]
[PlyCount "54"]
[EventDate "1999.10.02"]

1. e4 c5 2. Nc3 Nc6 3. Bc4 e6 4. f4 Nf6 5. d3 d6 6. Nf3 Be7 7. O-O a6 8. a4 O-O
9. Qe1 d5 10. exd5 exd5 11. Ba2 Nb4 12. Bb1 Re8 13. Nd1 Bd6 14. Qh4 d4 15. Re1
Rxe1+ 16. Qxe1 Qc7 17. g3 Bd7 18. Bd2 Re8 19. Qf1 Nbd5 20. Nf2 Ng4 21. Ba2 Nge3
22. Qc1 Bc6 23. c3 Nxf4 24. gxf4 Bxf3 25. cxd4 Bxf4 26. Bxe3 Bxh2+ 27. Kf1 Qg3
0-1

[Event "III Weekend A"]
[Site "Vicenza ITA"]
[Date "1999.11.03"]
[Round "3"]
[White "Luisetto, Alessandro"]
[Black "Pietrobon, Fabio"]
[WhiteElo "1831"]
[BlackElo "1732"]
[Result "0-1"]
[PlyCount "41"]
[EventDate "1999.10.02"]

1. g3 Nf6 2. Bg2 g6 3. e4 d6 4. d4 Bg7 5. c4 O-O 6. Nc3 e5 7. d5 a5 8. Nf3 Na6
9. O-O Nc5 10. Re1 Bd7 11. Qc2 Nh5 12. Be3 b6 13. Rad1 f5 14. Bxc5 bxc5 15. Qd2
f4 16. Rf1 Qc8 17. Nb5 Bg4 18. Qe2 Rf7 19. Rd3 Qd7 20. Qd2 Bf6 21. Qc3 0-1

[Event "III Weekend A"]
[Site "Vicenza ITA"]
[Date "1999.10.??"]
[Round "5"]
[White "Nagliati, Paolo"]
[Black "Ballarin, Gabriele"]
[WhiteElo "1621"]
[BlackElo "1621"]
[Result "1-0"]
[PlyCount "136"]
[EventDate "1999.10.02"]

1. e4 c5 2. c3 b6 3. d4 cxd4 4. cxd4 Bb7 5. Nc3 Nf6 6. Bd3 e6 7. a3 Be7 8. Nf3
O-O 9. O-O d6 10. Qe2 d5 11. e5 Ne8 12. Qc2 h6 13. Bf4 Ba6 14. Bxa6 Nxa6 15.
Qd3 Nb8 16. b4 Nc6 17. Rfe1 Rc8 18. Rac1 a5 19. b5 Na7 20. Ne2 Nc7 21. a4 Bb4
22. Nd2 Qd7 23. Rc2 Rfd8 24. Rec1 Ne8 25. Bg3 Rxc2 26. Rxc2 Rc8 27. Nb3 Rxc2
28. Qxc2 Qc8 29. Qc1 Qc4 30. Qxc4 dxc4 31. Na1 Nc7 32. Nc2 Nd5 33. f3 Nc8 34.
Kf1 Nce7 35. Be1 Kf8 36. Kf2 Ke8 37. f4 Nf5 38. g4 Nfe7 39. Kf3 Kd7 40. Bf2 Bd2
41. Be1 Bxe1 42. Nxe1 Nb4 43. Ke3 Ned5+ 44. Kd2 Ke7 45. Nc2 f6 46. Ne3 Nxe3 47.
Kxe3 Nd5+ 48. Kd2 g5 49. fxg5 fxg5 50. Nc3 Nb4 51. Ne2 Nd5 52. Ng3 Kf7 53. Ne4
Kg6 54. Nd6 h5 55. Nxc4 hxg4 56. Ne3 Kh5 57. Nxd5 exd5 58. Ke2 Kg6 59. Kf2 g3+
60. Kxg3 Kf5 61. h3 Ke4 62. e6 Kxd4 63. e7 Kc3 64. e8=Q d4 65. Qe1+ Kc2 66.
Qe2+ Kc3 67. Qd1 d3 68. Kg4 Kb4 1-0

[Event "III Weekend A"]
[Site "Vicenza ITA"]
[Date "1999.10.??"]
[Round "6"]
[White "Ballarin, Gabriele"]
[Black "Leo, Giuseppe"]
[WhiteElo "1621"]
[BlackElo "1600"]
[Result "1-0"]
[PlyCount "93"]
[EventDate "1999.10.02"]

1. e4 g6 2. Bc4 Bg7 3. Nc3 d6 4. f4 c6 5. Nf3 e6 6. O-O b5 7. Bb3 a5 8. a4 b4
9. Ne2 Ne7 10. c3 c5 11. d4 Qc7 12. Be3 c4 13. Bc2 b3 14. Bb1 O-O 15. Ng3 Nd7
16. f5 exf5 17. exf5 Nf6 18. fxg6 fxg6 19. Qd2 Ng4 20. Bg5 Nf5 21. Bxf5 Bxf5
22. Nxf5 Rxf5 23. Nh4 Rff8 24. h3 Nf6 25. Rae1 d5 26. Bxf6 Bxf6 27. Qh6 Qg3 28.
Re5 Qxh4 29. Qxh4 Bxh4 30. Rf3 Rxf3 31. gxf3 Rd8 32. Re6 Rd7 33. Kg2 Kf7 34.
Rb6 Bd8 35. Rb5 Ke6 36. Kg3 Kf5 37. Rc5 Bc7+ 38. Kf2 Ke6 39. Rc6+ Ke7 40. Kg2
Bd8 41. Rc5 Kd6 42. Rb5 Re7 43. Kf2 g5 44. Rb8 Bc7 45. Ra8 Kc6 46. Rg8 Bf4 47.
Ra8 1-0

[Event "Open Sanudo"]
[Site "Venezia ITA"]
[Date "1999.02.??"]
[Round "1"]
[White "Alburno, Franco"]
[Black "Rodeghiero, Andrea"]
[WhiteElo "1471"]
[BlackElo "1648"]
[Result "0-1"]
[PlyCount "64"]
[EventDate "1999.02.28"]

1. e4 c5 2. Nc3 d6 3. f4 Nc6 4. Nf3 a6 5. Be2 Nf6 6. d3 g6 7. O-O Bg7 8. Qe1
O-O 9. b3 Bg4 10. Nh4 Bxe2 11. Qxe2 Nxe4 12. Qxe4 Bxc3 13. Rb1 d5 14. Qe2 e6
15. Nf3 Bg7 16. Be3 d4 17. Bf2 Nb4 18. a3 Nd5 19. Qd2 Bh6 20. g3 f6 21. Rbe1 e5
22. Kg2 exf4 23. g4 Ne3+ 24. Bxe3 fxe3 25. Qe2 f5 26. h3 fxg4 27. hxg4 Rf4 28.
Kg3 Qd6 29. Qg2 Raf8 30. Kh3 Qd5 31. Kg3 Rxg4+ 32. Kxg4 Qh5+ 0-1

[Event "Open Sanudo"]
[Site "Venezia ITA"]
[Date "1999.02.??"]
[Round "1"]
[White "Castellano, Alfonso"]
[Black "Marcuzzo, Giorgio"]
[WhiteElo "1773"]
[BlackElo "1537"]
[Result "1/2-1/2"]
[PlyCount "76"]
[EventDate "1999.02.28"]

1. c4 g6 2. Nc3 Nf6 3. g3 Bg7 4. Bg2 O-O 5. e4 d6 6. Nge2 Nbd7 7. O-O c6 8. d4
Re8 9. b3 Nf8 10. Bb2 Nh5 11. f4 f5 12. e5 c5 13. Nd5 e6 14. Ne3 cxd4 15. Bxd4
dxe5 16. fxe5 Nd7 17. g4 fxg4 18. Nxg4 Qg5 19. Ng3 Nxg3 20. hxg3 Nxe5 21. Bxe5
Bxe5 22. Qf3 Bd4+ 23. Kh2 Qe7 24. Rad1 Bg7 25. Qe3 e5 26. Nf2 Bf5 27. Bd5+ Kh8
28. Ne4 Rad8 29. Ng5 Bh6 30. Nf7+ Qxf7 31. Qxh6 Qe7 32. g4 Be6 33. Bxe6 Qxe6
34. Rxd8 Rxd8 35. Rf8+ Rxf8 36. Qxf8+ Qg8 37. Qf6+ Qg7 38. Qd8+ Qg8 1/2-1/2

[Event "Open Sanudo"]
[Site "Venezia ITA"]
[Date "1999.02.??"]
[Round "1"]
[White "Fragni, Enrico"]
[Black "Carlassara, Renato"]
[WhiteElo "1603"]
[BlackElo "1564"]
[Result "1/2-1/2"]
[PlyCount "59"]
[EventDate "1999.02.28"]

1. b3 Nf6 2. Bb2 d5 3. Nf3 c5 4. e3 Nc6 5. Bb5 a6 6. Be2 d4 7. exd4 cxd4 8. d3
e5 9. Nbd2 Bb4 10. O-O O-O 11. a3 Bc3 12. Rb1 b5 13. Ng5 Nd5 14. Nde4 Bxb2 15.
Rxb2 f5 16. c4 dxc3 17. Nxc3 Nxc3 18. Qc1 Nxe2+ 19. Rxe2 Nd4 20. Rxe5 Nxb3 21.
Qc6 Qxg5 22. Qxa8 Nd2 23. Rfe1 Be6 24. Qc6 Bf7 25. Re7 Ne4 26. Rxf7 Rxf7 27.
dxe4 fxe4 28. Rxe4 Qf6 29. Re8+ Rf8 30. Qd5+ 1/2-1/2

[Event "Open Sanudo"]
[Site "Venezia ITA"]
[Date "1999.02.??"]
[Round "1"]
[White "Gonzales, Guillermo"]
[Black "Litrico, Paolo"]
[WhiteElo "1476"]
[BlackElo "1549"]
[Result "0-1"]
[PlyCount "102"]
[EventDate "1999.02.28"]

1. e4 c5 2. Nc3 Nc6 3. g3 e6 4. Bg2 Nf6 5. d3 d5 6. exd5 Nxd5 7. Ne4 Be7 8. Qg4
g6 9. c3 f5 10. Qh3 fxe4 11. Bxe4 Bf6 12. Bh6 Bd7 13. Ne2 Qe7 14. O-O-O O-O-O
15. Qg2 Qf7 16. Bd2 Rhe8 17. f4 Bh8 18. Rhf1 Nf6 19. Kb1 Nxe4 20. dxe4 Ne7 21.
Qg1 b6 22. g4 Qg7 23. Ng3 Rf8 24. Rf2 Bb5 25. h4 Rd7 26. Qh1 Rfd8 27. Qe1 Ba4
28. b3 Bb5 29. Kb2 Nc6 30. e5 Ne7 31. Ne4 Ba6 32. Nd6+ Kb8 33. Be3 Nc8 34. Rfd2
Nxd6 35. Rxd6 Rxd6 36. Rxd6 Rxd6 37. exd6 Bb7 38. Bd2 Qd7 39. f5 gxf5 40. gxf5
exf5 41. Qg3 Bf6 42. h5 Be4 43. Bf4 Kb7 44. Be5 Bxe5 45. Qxe5 Kc6 46. Qh8 Kxd6
47. Qb8+ Kc6 48. Qa8+ Kb5 49. c4+ Ka5 50. Qg8 Qd2+ 51. Ka3 Qc1# 0-1

[Event "Open Sanudo"]
[Site "Venezia ITA"]
[Date "1999.02.??"]
[Round "1"]
[White "Muradore, Aldo"]
[Black "Trangoni, Bruno"]
[WhiteElo "1419"]
[BlackElo "1647"]
[Result "0-1"]
[PlyCount "82"]
[EventDate "1999.02.28"]

1. d4 f5 2. c4 Nf6 3. e3 e6 4. Nf3 c6 5. Be2 Be7 6. O-O O-O 7. Nbd2 d5 8. c5
Ne4 9. Ne5 Nd7 10. f4 Qc7 11. Nxe4 fxe4 12. Bd2 Nf6 13. b4 Bd7 14. g4 Be8 15.
g5 Nd7 16. Nxd7 Bxd7 17. Be1 g6 18. Bg3 Qd8 19. Rf2 a5 20. a3 Rf7 21. Qf1 Rg7
22. h3 b6 23. Rh2 axb4 24. axb4 bxc5 25. bxc5 e5 26. h4 exd4 27. exd4 Bf5 28.
h5 gxh5 29. Bxh5 h6 30. g6 Bxg6 31. Bxg6 Rxg6 32. Kf2 Bf6 33. Qd1 Qe8 34. Rxa8
Qxa8 35. Qd2 Qa3 36. Qe3 Qxe3+ 37. Kxe3 Rxg3+ 38. Ke2 Kh7 39. Rh1 Bxd4 40. Rf1
Rg2+ 41. Kd1 Rg1 0-1

[Event "Open Sanudo"]
[Site "Venezia ITA"]
[Date "1999.02.27"]
[Round "1"]
[White "Tomio, Dante"]
[Black "Vianello, Enrico"]
[WhiteElo "1677"]
[BlackElo "1837"]
[Result "0-1"]
[PlyCount "68"]
[EventDate "1999.02.28"]

1. e4 c5 2. Nf3 Nc6 3. d4 cxd4 4. Nxd4 Nf6 5. Nc3 e5 6. Ndb5 d6 7. Bg5 a6 8.
Na3 b5 9. Nd5 Be7 10. Nxe7 Nxe7 11. Bd3 d5 12. f3 Bb7 13. Qe2 Qc7 14. O-O h6
15. Bh4 b4 16. Nb1 Ng6 17. Bg3 Nh5 18. exd5 Ngf4 19. Qe1 Qe7 20. Nd2 Bxd5 21.
Be4 Rd8 22. Rd1 O-O 23. Bxd5 Rxd5 24. Kh1 Rc8 25. Rc1 Rdc5 26. Bxf4 Nxf4 27.
Qe4 Nxg2 28. Rg1 Nf4 29. Rg4 Qc7 30. Rcg1 Ne6 31. Qe3 Kf8 32. Ne4 Rc6 33. Rxg7
Nxg7 34. Qxh6 Rxh6 0-1

[Event "Open Sanudo"]
[Site "Venezia ITA"]
[Date "1999.02.??"]
[Round "2"]
[White "Carlassara, Renato"]
[Black "Castellano, Alfonso"]
[WhiteElo "1564"]
[BlackElo "1773"]
[Result "0-1"]
[PlyCount "42"]
[EventDate "1999.02.28"]

1. e4 c5 2. d4 cxd4 3. c3 Nf6 4. e5 Nd5 5. cxd4 Nc6 6. Nf3 d6 7. Bc4 Nb6 8. Bd3
g6 9. Bf4 Bg7 10. Bb5 O-O 11. Bxc6 bxc6 12. Qc1 Ba6 13. Nc3 dxe5 14. Bxe5 f6
15. Bf4 e5 16. Be3 exd4 17. Nxd4 Re8 18. Nc2 Nd5 19. Ne2 Bxe2 20. Kxe2 Nf4+ 21.
Kf1 Qd3+ 0-1

[Event "Open Sanudo"]
[Site "Venezia ITA"]
[Date "1999.02.??"]
[Round "2"]
[White "Marcuzzo, Giorgio"]
[Black "Alburno, Franco"]
[WhiteElo "1537"]
[BlackElo "1471"]
[Result "0-1"]
[PlyCount "42"]
[EventDate "1999.02.28"]

1. e4 e6 2. d4 d5 3. Nc3 Bb4 4. e5 c5 5. a3 Bxc3+ 6. bxc3 Qc7 7. Qg4 Ne7 8.
Qxg7 Rg8 9. Qxh7 Nbc6 10. Nf3 cxd4 11. cxd4 Nxd4 12. Nxd4 Qc3+ 13. Ke2 Qxa1 14.
Be3 a6 15. Nb3 Qxe5 16. Qd3 Bd7 17. f4 Qf5 18. Kf2 Rc8 19. Nc5 Bc6 20. Qb3 d4
21. Bd2 Qxc5 0-1

[Event "Open Sanudo"]
[Site "Venezia ITA"]
[Date "1999.02.??"]
[Round "2"]
[White "Rodeghiero, Andrea"]
[Black "Litrico, Paolo"]
[WhiteElo "1648"]
[BlackElo "1549"]
[Result "0-1"]
[PlyCount "96"]
[EventDate "1999.02.28"]

1. Nf3 d5 2. g3 Nf6 3. Bg2 Bf5 4. O-O e6 5. d3 h6 6. Nbd2 Bc5 7. c4 c6 8. cxd5
cxd5 9. d4 Bd6 10. Qb3 Qc7 11. Ne5 O-O 12. Ndf3 Nc6 13. Nd3 Ne4 14. Be3 Qe7 15.
Qd1 Rac8 16. Rc1 Rc7 17. Nd2 Nxd2 18. Qxd2 Rfc8 19. a3 b6 20. b4 Qf6 21. Nb2
Ne7 22. Rxc7 Rxc7 23. Rc1 Ng6 24. Rxc7 Bxc7 25. Qc3 Qd8 26. f3 Ne7 27. Bf2 Bh7
28. e4 Qb8 29. Nd1 b5 30. Ne3 Bb6 31. Ng4 Qb7 32. Qe3 a6 33. Ne5 Nc6 34. Nxc6
Qxc6 35. exd5 Qxd5 36. Qe5 Qd8 37. f4 Qc8 38. Be3 Bd3 39. Qd6 Bd8 40. Qc5 Qd7
41. Bc6 Qc7 42. Be8 Qb8 43. Qc6 Bb6 44. Bd7 Bc4 45. Bc8 Bd5 46. Qe8+ Kh7 47.
Qd7 Qa8 48. Kf2 Bc6 0-1